| 000 | 07755cam a22018854i 4500 | ||
|---|---|---|---|
| 003 | PE-LiUPU | ||
| 005 | 20250813165721.0 | ||
| 008 | 150625s2001 ck rb 000 0 spa d | ||
| 020 | _a9588051215 | ||
| 020 | _a9789588051215 | ||
| 035 | _a(Sirsi) i9789588051215 | ||
| 040 |
_aPE-LiUPU _bspa _cPE-LiUPU _dPE-LiUPU _erda |
||
| 049 | _aPRUA | ||
| 082 | 0 | 4 |
_a610.1072 _bD98 _221 |
| 100 | 1 |
_aDurán de Villalobos, María Mercedes, _eautor. |
|
| 245 | 1 | 0 |
_aEnfermería : _bdesarrollo teórico e investigativo / _cMaría Mercedes Durán de Villalobos. |
| 264 | 1 |
_aBogotá : _bUniversidad Nacional de Colombia, _c2001. |
|
| 300 |
_a181 páginas ; _c24 centímetros |
||
| 336 |
_atext _2rdacontent |
||
| 337 |
_aunmediated _2rdamedia |
||
| 338 |
_avolume _2rdacarrier |
||
| 504 | _aIncluye Bibliografía. | ||
| 505 | 0 | _aDisciplina de enfermería -- Conceptualización y Evolución de Enfermería -- Enfermería: disciplina profesional -- Patrones de conocimiento de enfermería -- Evolución de las definiciones de enfermería -- Desarrollo investigativo y teórico -- Ciencia de enfermería -- Naturaleza del conocimiento y la ciencia de enfermería -- Estructura del conocimiento de enfermería -- Desarrollo teórico de enfermería -- Teoría para enfermería -- Fuentes y recursos para el desarrollo teórico de enfermería -- Paradojas teóricas de enfermería -- Modelos conceptuales versus teoría -- Estrategias para el desarrollo teórico -- Teoría de enfermería: relación con la práctica e investigación -- Relación de la teoría con la investigación -- Relación de la teoría con la práctica e investigación -- Relación de la teoría con la investigación -- Relación de la teoría con la práctica -- Desarrollo y construcción de la teoría -- Análisis de conceptos -- Construcción de las relaciones teóricas -- Prueba de las relaciones teóricas -- Componentes de la teoría -- Supuestos.- Investigación: Herramienta esencial -- Estructura conceptuales de la investigación de enfermería -- Fuente de problemas -- Necesidad de investigación para enfermería -- Generación de conocimientos científicos -- Distancia entre la investigación y la práctica -- Evolución de la investigación de la práctica -- Quién se beneficia al disminuir la distancia? -- Desarrollo del conocimiento científico para la práctica -- Disminución de la distancia entre la investigación y la práctica -- Lazos entre la práctica y la investigación -- Enfermera consumidora de investigación -- Herramientas para consumir investigación -- Figuras y tablas. | |
| 526 | _aP203 | ||
| 526 | _aP200 | ||
| 526 | _aSEG65 | ||
| 526 | _aSEG64 | ||
| 526 | _aSEG63 | ||
| 526 | _aSEG62 | ||
| 526 | _aSEG61 | ||
| 526 | _aSEG60 | ||
| 526 | _aSEG59 | ||
| 526 | _aSEG58 | ||
| 526 | _aSEG57 | ||
| 526 | _aSEG56 | ||
| 526 | _aSEG55 | ||
| 526 | _aSEG54 | ||
| 526 | _aSEG53 | ||
| 526 | _aSEG52 | ||
| 526 | _aSEG51 | ||
| 526 | _aSEG50 | ||
| 526 | _aSEG49 | ||
| 526 | _aSEG48 | ||
| 526 | _aSEG47 | ||
| 526 | _aSEG46 | ||
| 526 | _aSEG24 | ||
| 526 | _aSEG23 | ||
| 526 | _aSEG22 | ||
| 526 | _aSEG21 | ||
| 526 | _aSEG20 | ||
| 526 | _aSEG19 | ||
| 526 | _aSEG18 | ||
| 526 | _aSEG17 | ||
| 526 | _aSEG16 | ||
| 526 | _aSEG14 | ||
| 526 | _aSEG13 | ||
| 526 | _aSEG12 | ||
| 526 | _aSEG11 | ||
| 526 | _aSEG10 | ||
| 526 | _aSEG09 | ||
| 526 | _aSEG06 | ||
| 526 | _aSEG05 | ||
| 526 | _aSEG04 | ||
| 526 | _aSEG03 | ||
| 526 | _aSEG02 | ||
| 526 | _aSEG68 | ||
| 526 | _aSEG66 | ||
| 526 | _aSEG45 | ||
| 526 | _aSEG25 | ||
| 526 | _aSEG01 | ||
| 526 | _aP163 | ||
| 526 | _aP162 | ||
| 526 | _aP161 | ||
| 526 | _aP160 | ||
| 526 | _aP159 | ||
| 526 | _aP158 | ||
| 526 | _aP157 | ||
| 526 | _aP156 | ||
| 526 | _aP155 | ||
| 526 | _aP154 | ||
| 526 | _aP153 | ||
| 526 | _aP152 | ||
| 526 | _aP151 | ||
| 526 | _aP150 | ||
| 526 | _aP149 | ||
| 526 | _aP142 | ||
| 526 | _aP141 | ||
| 526 | _aP140 | ||
| 526 | _aP139 | ||
| 526 | _aP138 | ||
| 526 | _aP137 | ||
| 526 | _aP132 | ||
| 526 | _aP131 | ||
| 526 | _aP130 | ||
| 526 | _aP126 | ||
| 526 | _aP125 | ||
| 526 | _aP124 | ||
| 526 | _aP123 | ||
| 526 | _aP115 | ||
| 526 | _aP122 | ||
| 526 | _aP121 | ||
| 526 | _aP116 | ||
| 526 | _a P114 | ||
| 526 | _aP112 | ||
| 526 | _aP111 | ||
| 526 | _aP104 | ||
| 526 | _aP103 | ||
| 526 | _aP102 | ||
| 526 | _aP101 | ||
| 526 | _aP100 | ||
| 526 | _aP96 | ||
| 526 | _aP95 | ||
| 526 | _aP93 | ||
| 526 | _aP92 | ||
| 526 | _aP91 | ||
| 526 | _aP88 | ||
| 526 | _aP83 | ||
| 526 | _aP82 | ||
| 526 | _aP79 | ||
| 526 | _aP78 | ||
| 526 | _aP75 | ||
| 526 | _aP74 | ||
| 526 | _aP71 | ||
| 526 | _aP69 | ||
| 526 | _a P51 | ||
| 526 | _aP49 | ||
| 526 | _aP48 | ||
| 526 | _aP47 | ||
| 526 | _aP33 | ||
| 526 | _aP31 | ||
| 526 | _a P30 | ||
| 526 | _aP29 | ||
| 526 | _aP27 | ||
| 526 | _aP26 | ||
| 526 | _aP25 | ||
| 526 | _aP24 | ||
| 526 | _a P22 | ||
| 526 | _aP10 | ||
| 526 | _aP09 | ||
| 526 | _a P08 | ||
| 526 | _aP06 | ||
| 526 | _aP05 | ||
| 526 | _aP04 | ||
| 526 | _aP01 | ||
| 541 | _g89999083; | ||
| 650 | 0 | 4 |
_aEnfermería _xInvestigación. |
| 942 |
_2ddc _cBOOK |
||
| 949 |
_aPGS 610.1072 D98 _wDEWEY _c1 _i59206 _lCCODEBUL1 _mBUL _p22.00 _r0 _sY _tBOOK _u2015-6-25 _xSALUD _PP82 _0COMPRA _o.CIRCNOTE. No olvidar cambiar la fecha de devolución!!!!!!! _o.STAFF. Colección Ciencias de la Salud |
||
| 949 |
_aPGS 610.1072 D98 _wDEWEY _c2 _i59207 _lCCODEBUL1 _mBUL _p22.00 _r0 _sY _tBOOK _u2015-6-25 _xSALUD _PP82 _0COMPRA _o.CIRCNOTE. No olvidar cambiar la fecha de devolución!!!!!!! _o.STAFF. Colección Ciencias de la Salud |
||
| 949 |
_aPGS 610.1072 D98 _wDEWEY _c3 _i59203 _d2015-10-29 _lCCODEBUL1 _mBUL _p22.00 _q1 _r0 _sY _tBOOK _u2015-6-25 _xSALUD _PP82 _0COMPRA _o.CIRCNOTE. No olvidar cambiar la fecha de devolución!!!!!!! _o.STAFF. Colección Ciencias de la Salud |
||
| 949 |
_aPGS 610.1072 D98 _wDEWEY _c4 _i59204 _lCCODEBUL1 _mBUL _p22.00 _r0 _sY _tBOOK _u2015-6-25 _xSALUD _PP82 _0COMPRA _o.CIRCNOTE. No olvidar cambiar la fecha de devolución!!!!!!! _o.STAFF. Colección Ciencias de la Salud |
||
| 949 |
_aPGS 610.1072 D98 _wDEWEY _c5 _i59205 _lCCODEBUL1 _mBUL _p22.00 _r0 _sY _tBOOK _u2015-6-25 _xSALUD _PP82 _0COMPRA _o.CIRCNOTE. No olvidar cambiar la fecha de devolución!!!!!!! _o.STAFF. Colección Ciencias de la Salud |
||
| 994 |
_aC0 _bPEPRU |
||
| 596 | _a1 | ||
| 999 |
_aPGS 610.1072 D98 _wDEWEY _c48012 _i59206 _f2021-11-3 _g5 _lCCODEBUL1 _mBUL _p22.00 _r0 _sY _tBOOK _u2015-6-25 _xSALUD _zP82 _0COMPRA _o.CIRCNOTE. No olvidar cambiar la fecha de devolución!!!!!!! _o.STAFF. Colección Ciencias de la Salud _d48012 |
||
| 999 |
_aPGS 610.1072 D98 _wDEWEY _c2 _i59207 _f2021-11-3 _g5 _lCCODEBUL1 _mBUL _p22.00 _r0 _sY _tBOOK _u2015-6-25 _xSALUD _zP82 _0COMPRA _o.CIRCNOTE. No olvidar cambiar la fecha de devolución!!!!!!! _o.STAFF. Colección Ciencias de la Salud |
||
| 999 |
_aPGS 610.1072 D98 _wDEWEY _c3 _i59203 _d2015-10-29 _f2021-11-3 _g5 _lCCODEBUL1 _mBUL _p22.00 _q1 _r0 _sY _tBOOK _u2015-6-25 _xSALUD _zP82 _0COMPRA _o.CIRCNOTE. No olvidar cambiar la fecha de devolución!!!!!!! _o.STAFF. Colección Ciencias de la Salud |
||
| 999 |
_aPGS 610.1072 D98 _wDEWEY _c4 _i59204 _f2021-11-3 _g5 _lCCODEBUL1 _mBUL _p22.00 _r0 _sY _tBOOK _u2015-6-25 _xSALUD _zP82 _0COMPRA _o.CIRCNOTE. No olvidar cambiar la fecha de devolución!!!!!!! _o.STAFF. Colección Ciencias de la Salud |
||
| 999 |
_aPGS 610.1072 D98 _wDEWEY _c5 _i59205 _f2021-11-3 _g5 _lCCODEBUL1 _mBUL _p22.00 _r0 _sY _tBOOK _u2015-6-25 _xSALUD _zP82 _0COMPRA _o.CIRCNOTE. No olvidar cambiar la fecha de devolución!!!!!!! _o.STAFF. Colección Ciencias de la Salud |
||
| 980 |
_81 _gALBERTO SANCHEZ Responsable de Automatización |
||